00332pab a2200133 454500008004000000100001900040245005000059260000900109300001200118362001100130650001100141650001200152773003400164180718b2008 xxu||||| |||| 00| 0 eng d aKhera, Reetika aStarvation deaths and primitive tribal groups c2008 ap.11-14 a27 Dec aTribes aPoverty aEconomic and Political Weekly